000 00519nam a2200181Ia 4500
005 20250326141122.0
008 250326s9999 xx 000 0 und d
037 _aTextbook
040 _aFMSL
_beng
_cFMSL
041 _aeng
_2eng
084 _aY15:3(X:95).44 N4
_qFMSL
100 _aKalpagam U
245 0 _aLabour and gender: Survivel in Urban India
_cKalpagam U
260 _aNew Delhi
_bNew Delhi, Sage
_c1994
300 _a309p
942 _cTB
_hY15:3(X:95).44 N4
999 _c1288782
_d1288782